Χρήση της γεωπληροφορικής για την υποστήριξη του σχεδιασμού της δακοκτονίας στη Λέσβο : πτυχιακή εργασία
Αποθηκεύτηκε σε:
| Κύριος συγγραφέας: | |
|---|---|
| Συγγραφή απο Οργανισμό/Αρχή: | |
| Άλλοι συγγραφείς: | |
| Μορφή: | Thesis Βιβλίο |
| Γλώσσα: | Greek |
| Δημοσίευση: |
Μυτιλίνη :
Πανεπιστήμιο Αιγαίου, Πρόγραμμα Σπουδών Επιλογής Περιβαλλοντική Χαρτογραφία,
2005
|
| Θέματα: | |
| Ετικέτες: |
Προσθήκη ετικέτας
Δεν υπάρχουν, Καταχωρήστε ετικέτα πρώτοι!
|
MARC
| LEADER | 00000cam a2200000 i 4500 | ||
|---|---|---|---|
| 001 | 1/89123 | ||
| 008 | 051115s2005 gre d | ||
| 035 | |l 10081248 | ||
| 040 | |a GR-MY-UA |b gre |e aacr | ||
| 041 | 0 | |a gre | |
| 082 | 0 | |a 630 |2 (22) | |
| 100 | 1 | |a Κόκκινος, Ευστράτιος. | |
| 245 | 1 | 0 | |a Χρήση της γεωπληροφορικής για την υποστήριξη του σχεδιασμού της δακοκτονίας στη Λέσβο : |b πτυχιακή εργασία / |c Ευστράτιος Κόκκινος ; υπεύθυνος καθηγητής Βαϊτης Μιχάλης |
| 260 | |a Μυτιλίνη : |b Πανεπιστήμιο Αιγαίου, Πρόγραμμα Σπουδών Επιλογής Περιβαλλοντική Χαρτογραφία, |c 2005 | ||
| 300 | |a 43 σ.; |b πιν., χάρτες; |c 30 εκ. | ||
| 500 | |a Μέλη εξεταστικής επιτροπής: Βαϊτης Μιχάλης, Κουκούλας Σωτήρης, Ιωσηφίδης Θεόδωρος | ||
| 502 | # | # | |a Πτυχιακή εργασία – Πανεπιστήμιο Αιγαίου, Λέσβος, 2005. |
| 504 | |a Βιβλιογραφία: 43 | ||
| 650 | 0 | 0 | |a Agricultural mapping. |
| 650 | 0 | 0 | |a Agriculture |x Geographic information systems. |
| 650 | 0 | 0 | |a Agricultural pests |x Control. |
| 650 | 0 | 0 | |a Olive |x Diseases and pests. |
| 650 | 0 | 0 | |a Olive |z Greece |z Lesbos Island. |
| 650 | 0 | 0 | |a Dissertations, Academic |z Greece. |
| 700 | 1 | |a Βαϊτης, Μιχάλης. |4 ths | |
| 710 | 2 | |a Πανεπιστήμιο Αιγαίου |b Σχολή Περιβάλλοντος |b Πρόγραμμα Σπουδών Επιλογής Περιβαλλοντική Χαρτογραφία. | |
| 852 | |a INST |b LESVOS |c DIATR |e 20051115 |h 101 |p 005100033250 |q 005100033250 |t DIE |y 23 | ||
| 852 | |a INST |b LESVOS |c DIATR |e 20051115 |h 102 |p 005100033249 |q 005100033249 |t DIE |y 23 | ||
| 901 | |a BIBL1-2005-3 | ||
| 909 | |a Λ |b 121579 | ||
| 909 | |a Λ |b 121580 | ||
| 924 | |a ΚΟΚΚΙΝΟΣ |b ΕΥΣΤΡΑΤΙΟΣ |y ΛΕΣΒΟΣ |z 2005-09 | ||
| 970 | |a ΜΑΡΙΝΑΤΟΥ |b ΜΥΡΣΙΝΗ |z 2005/11/15 | ||